An introduction to Greek philosophy /

Bibliographic Details
Main Author: Luce, John Victor, 1920-
Format: Book
Language:English
Published: New York : Thames and Hudson, 1992.
Subjects:

MARC

Tag First Indicator Second Indicator Subfields
LEADER 00000cam a2200000 a 4500
001 in00001069894
005 20150929101638.0
008 920427s1992 nyub 001 0 eng d
010 |a  91075043  
020 |a 0500276552 
035 |a (OCoLC)25719029 
035 |9 AFP2203AM 
040 |a MMM  |c MMM  |d TXA  |d UtOrBLW 
049 |a TXAM 
090 |a B171  |b .L83 1992 
100 1 |a Luce, John Victor,  |d 1920- 
245 1 3 |a An introduction to Greek philosophy /  |c J. V. Luce. 
264 1 |a New York :  |b Thames and Hudson,  |c 1992. 
300 |a 174 pages :  |b map ;  |c 24 cm. 
336 |a text  |b txt  |2 rdacontent 
337 |a unmediated  |b n  |2 rdamedia 
338 |a volume  |b nc  |2 rdacarrier 
504 |a Includes bibliographical references and index. 
650 0 |a Philosophy, Ancient. 
999 |a MARS 
999 f f |s 81c6fda6-a63f-36b5-82a3-52eab31f1c08  |i 755ad177-0606-37e0-8a64-3c9e37c5a0b1  |t 0 
952 f f |p normal  |a Texas A&M University  |b College Station  |c Sterling C. Evans Library  |d Evans: Library Stacks  |t 0  |e B171 .L83 1992  |h Library of Congress classification  |i unmediated -- volume  |m A14815655964 
998 f f |a B171 .L83 1992  |t 0  |l Evans: Library Stacks